01331nam a2200313 a 4500001001000000003000500010005001700015008004100032010001100073011001100084040000900095090001000104100004300114245020000157260004100357500006000398502010900458590004100567590004000608590004000648650005000688650003600738856007000774901000700844942001000851942000600861999001900867952013100886000115248CHAP20220329144525.0190121s2018 mx sm |||||||spa d a111709 a112681 cCHAP aTesis1 aCortes Santos, Marlen Alondra.913546510aRuptura de letargo en semillas de Euphorbia heterophylla L. con presencia y ausencia de luz a diferentes temperaturas bajo condiciones controladash[En línea]cpor Marlen Alondra Cortes Santos. aChapingo, Méx. :bEl autor,c2018. aPara ver el contenido del material haga clic en la liga aTesis (Ing. Agr. Esp. en Parasitología Agrícola) -- UACH. Departamento de Parasitología Agrícola aE11695DGDb10c20190623lUCH01h1114 aE5765TAJb05c20190121lUCH01h1110 aE5765TAJb05c20190121lUCH01h111114aEuphorbia heterophyllaxGerminación917565414aLuzxEfecto en semillas.969243 aFinding aiduhttp://10.13.5.2/tesis/sist115248.pdfzTeclea aquí aBK cTESIS n0 c111709d111709 00104054718TESISaBCbBCd2019-01-21fTESISl0oTesisp115255-10r2019-12-31 00:00:00w2019-12-31yTESISzRecien adquirido